Balanza mercantil de la importación y esportación verificada por el puerto y aduana de Barcelona en el año de 1848 / formada por la Junta de Comercio en vista de los datos y noticias oficiales que al efecto se ha proporcionado en su mayor parte de las oficinas de Hacienda
Descripción Física:
326 p., [2] f. plegats : taules ; 31 cm
MARC
| LEADER | 00000nam a2200000Ia 4500 | ||
|---|---|---|---|
| 001 | 18279 | ||
| 008 | 160829s1849 xx 000 0 cat d | ||
| 080 | |a R-12-187 | ||
| 245 | |a Balanza mercantil de la importación y esportación verificada por el puerto y aduana de Barcelona en el año de 1848 / formada por la Junta de Comercio en vista de los datos y noticias oficiales que al efecto se ha proporcionado en su mayor parte de las oficinas de Hacienda | ||
| 260 | |a Barcelona : |b Imprenta de Oliveres Hermanos, |c 1849 | ||
| 300 | |a 326 p., [2] f. plegats : |b taules ; |c 31 cm | ||
| 590 | |a Prové de 195, exp. 1 | ||
| 650 | |a Mercantilisme |x Catalunya |x S. XIX |9 43511 | ||
| 650 | |a Importacions |x Catalunya |x S. XIX |9 43512 | ||
| 650 | |a Exportacions |x Catalunya |x S. XIX |9 43513 | ||
| 901 | |a Arxiu | ||
| 942 | |n 1 | ||
| 952 | |0 0 |1 0 |4 0 |6 R12187 |7 1 |9 51482 |a Arxiu |b Arxiu |d 2016-12-01 |l 0 |o R-12-187 |p 18279 |r 2016-12-01 00:00:00 |w 2016-12-01 |y ARXIU | ||
| 999 | |c 55326 |d 55326 | ||